| 000 | 01382naa a22003377a 4500 | ||
|---|---|---|---|
| 001 | BR8100469 | ||
| 003 | BR-BrBNA | ||
| 005 | 20240918174716.0 | ||
| 007 | ta | ||
| 008 | 230509b bl.||||| |||| 00| 0 por d | ||
| 040 |
_aBR-BrBNA _bpor _cBiblioteca Nacional de Agricultura |
||
| 041 | _a(Pt) | ||
| 072 |
_aF00 _b0150 _bG514 |
||
| 090 | _aF00 BR8100469 | ||
| 100 | 1 | _aHeckler, J.C. | |
| 245 | 1 | _aEfeito do espacamento e densidade de semeadura sobre o rendimento de graos e outros componentes do rendimento em arroz de varzea no Mato Grosso do Sul [Oryza sativa; Brasil] | |
| 246 | 1 | _a[Effect of spacing and sowing density on grain yield and other yield components of lowland rice in the state of Mato Grosso do Sul [Oryza sativa; Brazil]] | |
| 246 | 1 | _a[Results of rice crop research 1979/80] | |
| 260 | 3 |
_aDourados, MS (Brasil): _c1980. |
|
| 500 | _aResultados de pesquisa com a cultura do arroz em 1979/80 Dourados, MS (Brasil): 1980. p. 23-28 (BR8100469-AM)F00 | ||
| 650 | _aProducao vegetal | ||
| 650 | _aArroz | ||
| 650 | _aEspacamento | ||
| 650 | _aDensidade de semeadura | ||
| 650 | _aPratica cultural | ||
| 650 | _aRendimento | ||
| 650 | _aMato Grosso do Sul | ||
| 773 | 0 |
_tResultados de pesquisa com a cultura do arroz em 1979/80 _wF00 BR8100469 _gDourados, MS (Brasil), 1980. p. 23-28 |
|
| 909 |
_a202404 _bLucia _c55 _dLucia Elande |
||
| 942 |
_cAM _2AGRIS |
||
| 999 |
_c313031 _d313031 |
||